| 000 | 00899cam a22002893a 4500 | ||
|---|---|---|---|
| 001 | 19664 | ||
| 003 | PGUSA | ||
| 005 | 20140828083421.0 | ||
| 008 | 061030s2006||||xxu|||||s|||||000 | eng d | ||
| 040 |
_aPGUSA _beng |
||
| 042 | _adc | ||
| 050 | 4 | _aPA | |
| 100 | 1 |
_aPlutarch, _d46-119 |
|
| 245 | 1 | 0 |
_aEls Deu Mil : _bAnd Vida D'artaxerxes, Per Plutarc _h[electronic resource] / _cPlutarch |
| 260 |
_bProject Gutenberg, _c2006 |
||
| 506 | _aPublic domain in the USA. | ||
| 516 | _aElectronic text | ||
| 653 | _aArtaxerxes I, King of Persia, d. 425 or 4 B.C. | ||
| 653 | _aGreece -- History -- Expedition of Cyrus, 401 B.C. | ||
| 653 | _aCyrus, the Younger, d. 401 B.C. | ||
| 653 | _aIran -- History -- To 640 | ||
| 700 | 1 |
_aRiba, Carles, _d1893-1959 |
|
| 740 | 0 | _aAnabasis. Catalan | |
| 830 | 0 |
_aProject Gutenberg _v19664 |
|
| 856 | 4 | 0 | _uhttp://www.gutenberg.org/ebooks/19664 |
| 942 | _cEB | ||
| 999 |
_c248919 _d248919 |
||